000 01010nam a2200265 i 4500
003 DO-SdBNP
005 20231128124613.0
006 a||||gr|||| 00| 0
007 ta
008 231128b200? |||ac||| |||| 00| 0 spa d
040 _aDO-SdBNP
_bspa
_cBNPHU
_erda
082 4 _222
_bT787a
110 2 _aUniversidad APEC
_930673
_eautor
245 1 0 _a30 aniversario APEC:
_bpor un mundo mejor. /
246 _aTreinta aniversario APEC:
_bpor un mundo mejor.
264 _a[sin lugar]
_bCENAPEC,
_c[200?]
300 _a[78] páginas :
_bIlustraciones, retratos ;
336 _2rdacontent
_atexto
_btxt
337 _2rdamedia
_asin mediación
_bn
338 _2rdacarrier
_avolumen
_bnc
500 _aIncluye pie de fotos
505 _a1.- Isla de Santo Domingo (Contraportada).
_t2.- Hitos en la Senda de un Recuerdo.--
_t3.- Cuatro Cartas de Amor a una Noruega.-
_t4.- No Profanéis su Nombre.--
_t5.- Dos Responso para un Solo Amor.--
_t6.- Canto a mi Madre.
590 _aInventariado 2023 / MF
942 _2ddc
_cLBS1
999 _c55610
_d55610